000 00774nam a2200217Ii 4500
003 JO-AjNU
008 230605s9999||||xx |||||||||||||| ||und||
017 _a2013/10/3693
020 _a978-1-56364-515-5
040 _aJO-AjNU
_bara
_erda
_cJO-AjNU
041 _aara
050 1 4 _aBP190.5.V3 M355 2013
100 3 _aتاليف ملكاوي، فتحي حسن,
_eauthor
_951514
245 0 0 _aمنظومة القيم العليا: التوحيد والتزكية والعمران
264 3 1 _aعمان: المعهد العالمي للفكر الاسلامي، 2013
300 _a183ص
336 _atext
_btxt
_2rdacontent
337 _aunmediated
_bn
_2rdamedia
338 _avolume
_bnc
_2rdacarrier
650 4 _aالقيم الاسلامية - التوحيد
_951515
999 _aA22763
_c26331
_d26331